| 000 | 00356nam a2200145Ia 4500 | ||
|---|---|---|---|
| 008 | 150201s1998 xx 000 0 und d | ||
| 082 |
_a615.8 _bM1998H |
||
| 100 | _aHOLLIS MARGET | ||
| 245 | _aMASSAGEFOR THERAPISTS | ||
| 250 | _a2ND | ||
| 260 |
_bBLACKWELL SCIENCE PUB. _aEDINBURGH _c1998 |
||
| 300 | _a1-164 | ||
| 650 | _aPHYSIOTHERAPY | ||
| 942 |
_2ddc _cBK |
||
| 999 |
_c4327 _d4327 |
||